000 00633nam a2200205Ii 4500
003 JO-AjNU
008 230605s9999||||xx |||||||||||||| ||und||
017 _a2004/5/1288
040 _aJO-AjNU
_bara
_erda
_cJO-AjNU
041 _aara
050 1 4 _aPJ7814.S52 2004
100 3 _aتأليف العموش، أحمد,
_eauthor
_948694
245 0 0 _aشيئ ما
264 3 1 _aالزرقاء:المؤلف،2004
300 _a110ص
336 _atext
_btxt
_2rdacontent
337 _aunmediated
_bn
_2rdamedia
338 _avolume
_bnc
_2rdacarrier
650 4 _aالشعر العربي - العصر الحديث - الأردن
_948695
999 _aA21342
_c24910
_d24910